000 01175naa a22003137a 4500
001 BR7405448
003 BR-BrBNA
005 20240918173622.0
007 ta
008 230509b bl.||||| |||| 00| 0 por d
040 _aBR-BrBNA
_bpor
_cBiblioteca Nacional de Agricultura
041 _a(Pt)
072 _aL00; L30
_b6100
_b9600
090 _aL00 BR7405448
100 1 _aCampos, E.J.
111 1 _a11. Reuniao da Sociedade Brasileira de Zootecnia
_cFortaleza, CE (Brazil)
_d22 Jul 1974
245 1 _aDesempenho de reprodutoras pesadas em gaiolas [Galinha para postura; Ovo]
260 3 _aFortaleza, CE (Brasil):
_bUniversidade Federal do Ceara,
_c1974.
500 _aAnais da 11. Reuniao da Sociedade Brasileira de Zootecnia Fortaleza, CE (Brasil): Universidade Federal do Ceara, 1974. p. 188 (BR7405448-AM)L00
650 _aProducao animal
650 _aNutricao animal
650 _aGalinha para postura
650 _aGaiola
650 _aDieta
650 _aOvo
773 0 _tAnais da 11. Reuniao da Sociedade Brasileira de Zootecnia
_wL00 BR7405448
_gFortaleza, CE (Brasil), 1974. p. 188
909 _a202404
_bLucia
_c55
_dLucia Elande
942 _cAM
_2AGRIS
999 _c305784
_d305784